[Event "ITA-ch U16"]
[Site "Tarvisio"]
[Date "2014.07.04"]
[Round "8"]
[White "Dobboletta, Alex"]
[Black "Lovo, Alessandro"]
[Result "1/2-1/2"]
[WhiteElo "2041"]
[BlackElo "1778"]
[PlyCount "69"]
[EventDate "2014.06.29"]
[EventType "swiss"]
[EventRounds "9"]
[EventCountry "ITA"]
[SourceTitle "EXT 2015"]
[Source "ChessBase"]
[SourceDate "2014.11.20"]
[SourceVersion "1"]
[SourceVersionDate "2014.11.20"]
[SourceQuality "1"]

1. Nf3 g6 2. e4 d6 3. d4 Nf6 4. Nc3 Bg7 5. Be2 Bg4 6. 0-0 0-0 7. Bg5 c6 8. Qd2 Re8 9. Rad1 Qa5 10. h3 Bxf3 11. Bxf3 Nfd7 12. e5 dxe5 13. d5 Nb6 14. d6 exd6 15. Qxd6 Nc4 16. Bd8 b6 17. Qc7 Na6 18. Qxc6 Raxd8 19. Qxc4 Rc8 20. Qg4 e4 21. Rd5 Nc5 22. Bxe4 Bxc3 23. bxc3 Qxa2 24. Rd4 Nxe4 25. Rxe4 Qxc2 26. Rfe1 Rf8 27. Qd7 a5 28. Qb7 Rb8 29. Qc7 a4 30. Re7 Qb3 31. c4 Qc3 32. R1e3 Qc1+ 33. Kh2 Rbc8 34. Qxb6 Qxc4 35. R3e4 1/2-1/2